| 000 | 00732nam a2200217 i 4500 | ||
|---|---|---|---|
| 001 | 124746 | ||
| 003 | ES-MaACL | ||
| 005 | 20251115063302.0 | ||
| 007 | t| | ||
| 008 | 070418s1919 sp ||||1| spa d | ||
| 100 | 1 |
_aMuñoz Seca, Pedro, _d1881-1936 _984499 |
|
| 245 | 1 | 3 |
_aLa barba de Carrillo _b: juguete cómico en tres actos / _coriginal de Pedro Muñoz Seca. |
| 260 |
_a[Madrid : _bLa Novela Teatral, _c1919] |
||
| 300 |
_a24 h. ; _c20 cm. |
||
| 490 | 1 |
_aLa novela teatral ; _v141 |
|
| 500 | _aEn la cub. caricatura de María Puchol por Tovar. | ||
| 700 | 0 |
_aTovar _c, ilustrador. _9157378 |
|
| 830 | 0 |
_aLa novela teatral ; _v141 _9122427 |
|
| 852 |
_aES-MaACL _j2215-F-8 _bR.138739 |
||
| 999 |
_c124746 _d124746 |
||